000
00224nam a2200097Ia 4500
008
120527s9999 xx 000 0 und d
100
_a
CORDER,W.Brice.
245
_a
Health current perspectives.
260
_b
WCB
942
_c
BK
999
_c
23886
_d
23886